| 000 | 00635nam a2200229 a 4500 | ||
|---|---|---|---|
| 008 | |||
| 020 | _a0070696675 (hbk.) | ||
| 049 | _aMAIN | ||
| 090 |
_aTA357. _bWHI |
||
| 100 | 1 | _aWhite, Frank M. | |
| 245 | 1 | 0 |
_aFluid mechanics / _cFrank M. White. |
| 260 |
_aNew York : _bMcGraw-Hill, _c1979 |
||
| 300 |
_axii, 701 p. : _bill. ; _c25 cm. |
||
| 500 | _aIncludes index. | ||
| 504 | _aIncludes bibliographical references. | ||
| 650 | 0 | _aFluid mechanics. | |
| 907 |
_a.b10065040 _b10-11-16 _c17-04-03 |
||
| 003 | |||
| 005 | 20230123134323.0 | ||
| 040 | _cNUST | ||
| 942 |
_cBOOKS _kTA357. _mWHI |
||
| 999 |
_c163850 _d163850 |
||